The cunning of reason /

Bibliographic Details
Main Author: Hollis, Martin
Format: Book
Language:English
Published: Cambridge [Cambridgeshire] ; New York : Cambridge University Press, 1987.
Subjects:

MARC

Tag First Indicator Second Indicator Subfields
LEADER 00000cam a2200000 a 4500
001 in00000023821
005 20151007054335.0
008 870513s1987 enk b 00110 eng
010 |a  87014630  
020 |a 0521248795 
020 |a 0521270391 (pbk.) 
035 |a (OCoLC)15793751 
035 |9 AAB4741AM 
040 |a DLC  |c DLC  |d TXA  |d UtOrBLW 
049 |a TXAM  |c [A11085874] 
050 0 0 |a BC177  |b .H65 1987 
082 0 |a 128/.3  |2 19 
100 1 |a Hollis, Martin. 
245 1 4 |a The cunning of reason /  |c Martin Hollis. 
264 1 |a Cambridge [Cambridgeshire] ;  |a New York :  |b Cambridge University Press,  |c 1987. 
300 |a viii, 222 pages ;  |c 23 cm. 
336 |a text  |b txt  |2 rdacontent 
337 |a unmediated  |b n  |2 rdamedia 
338 |a volume  |b nc  |2 rdacarrier 
504 |a Bibliography: pages 215-220. 
500 |a Includes index. 
650 0 |a Reason. 
999 |a MARS 
999 f f |s c9531e37-7249-3f5c-bf8d-5caab3aea6fd  |i 10a1c7f4-2326-3025-94fd-0c4677a15d9f  |t 0 
952 f f |p ric  |a Texas A&M University  |b Rellis Campus  |c Joint Library Facility  |d Remote Storage  |t 0  |e BC177 .H65 1987  |h Library of Congress classification  |i unmediated -- volume  |m A14811085874 
998 f f |a BC177 .H65 1987  |t 0  |l Remote Storage